| 000 | 00559nam a2200205Ia 4500 | ||
|---|---|---|---|
| 003 | GCL | ||
| 008 | 140319s9999 xx 000 0 ara d | ||
| 040 |
_aGCL / _cGCL |
||
| 082 | 0 | 4 |
_a709.04 _bس س |
| 100 | 1 | _aسمير غريب | |
| 245 | 1 | 0 |
_aالسريالية فى مصر / _cسمير غريب |
| 260 |
_a[S.N] : _bالهيئة المصرية العامة للكتاب ، _c1986 |
||
| 300 | _a240 | ||
| 490 | _a | ||
| 650 | 0 | 4 | _aمصر |
| 650 | 0 | 4 | _aالفن |
| 650 | 0 | 4 | _aالفن الحديث |
| 650 | 0 | 4 | _aالسيريالية |
| 942 |
_2ddc _cBK |
||
| 999 |
_c29301 _d29301 |
||